[Event "Kouty nad Desnou op-A"]
[Site "Kouty nad Desnou"]
[Date "2024.03.15"]
[Round "8"]
[White "Valdman, Jakub"]
[Black "Vojtech, Ladislav1"]
[Result "1-0"]
[WhiteElo "1828"]
[BlackElo "1639"]
[PlyCount "57"]
[EventDate "2024.03.09"]
[EventType "swiss"]
[EventRounds "9"]
[EventCountry "CZE"]
[SourceTitle "CBM 219 Extra"]
[Source "ChessBase"]
[SourceDate "2024.05.31"]
[SourceVersion "1"]
[SourceVersionDate "2024.05.31"]
[SourceQuality "1"]

1. e4 c5 2. Nf3 d6 3. d4 cxd4 4. Nxd4 Nf6 5. Nc3 a6 6. Bg5 e6 7. Qd2 Be7 8. 0-0-0 Bd7 9. f4 Nc6 10. Be2 b5 11. Bf3 Rc8 12. Kb1 b4 13. Nxc6 Bxc6 14. Ne2 Qb6 15. Bxf6 gxf6 16. Nd4 Ba4 17. b3 Bd7 18. Rhe1 Rc5 19. e5 fxe5 20. fxe5 d5 21. Qh6 Ra5 22. Nf5 Bf8 23. Qf6 Rg8 24. Bh5 Rg6 25. Bxg6 hxg6 26. Ng7+ Bxg7 27. Qxg7 Qc5 28. Rf1 Rxa2 29. Qg8+ 1-0

[Event "Kouty nad Desnou op-A"]
[Site "Kouty nad Desnou"]
[Date "2024.03.12"]
[Round "5"]
[White "Valdman, Jakub"]
[Black "Zrubek, Adam"]
[Result "1/2-1/2"]
[WhiteElo "1828"]
[BlackElo "1924"]
[PlyCount "41"]
[EventDate "2024.03.09"]
[EventType "swiss"]
[EventRounds "9"]
[EventCountry "CZE"]
[SourceTitle "CBM 219 Extra"]
[Source "ChessBase"]
[SourceDate "2024.05.31"]
[SourceVersion "1"]
[SourceVersionDate "2024.05.31"]
[SourceQuality "1"]

1. e4 c5 2. Nf3 d6 3. d4 cxd4 4. Nxd4 Nf6 5. Nc3 g6 6. Be3 Bg7 7. f3 0-0 8. Qd2 Nc6 9. 0-0-0 d5 10. Kb1 Nxd4 11. e5 Nf5 12. exf6 exf6 13. Nxd5 Nxe3 14. Qxe3 Be6 15. Bc4 Bxd5 16. Bxd5 Qc7 17. h4 Rfe8 18. Qd3 f5 19. h5 Qb6 20. Qb3 Qxb3 21. Bxb3 1/2-1/2

[Event "CZE-ch U16"]
[Site "Herlikovice"]
[Date "2021.10.25"]
[Round "3"]
[White "Valdman, Jakub"]
[Black "Steinbauer, Sebastian"]
[Result "1-0"]
[WhiteElo "1429"]
[BlackElo "1712"]
[PlyCount "82"]
[EventDate "2021.10.23"]
[EventType "swiss"]
[EventRounds "9"]
[EventCountry "CZE"]
[SourceTitle "EXT 2023"]
[Source "ChessBase"]
[SourceDate "2022.10.05"]
[SourceVersion "1"]
[SourceVersionDate "2022.10.05"]
[SourceQuality "1"]

1. e4 e5 2. Nf3 Nf6 3. Nxe5 Nc6 4. Nxc6 dxc6 5. Nc3 Bc5 6. h3 Be6 7. d3 b5 8. Qf3 Qd4 9. Be3 Qb4 10. 0-0-0 Bxe3+ 11. Qxe3 0-0 12. d4 Rfe8 13. Qf3 Rad8 14. d5 cxd5 15. Bxb5 dxe4 16. Qe3 Rxd1+ 17. Rxd1 c6 18. a3 Qa5 19. Bxc6 Rc8 20. Bxe4 Nxe4 21. Qxe4 Bf5 22. Qd5 Qxd5 23. Rxd5 Be6 24. Ra5 Bc4 25. Rxa7 Bf1 26. Nd5 Kf8 27. Ne3 Bb5 28. a4 Bc6 29. b4 Ke8 30. c4 Bd7 31. Kb2 Be6 32. Kc3 Kd8 33. a5 g6 34. b5 Bd7 35. Kb4 f5 36. Nd5 h5 37. Rxd7+ Kxd7 38. Nb6+ Kc7 39. Nxc8 Kxc8 40. Kc5 h4 41. Kc6 g5 1-0

[Event "EU Union-ch U14"]
[Site "Kouty nad Desnou"]
[Date "2020.08.17"]
[Round "4"]
[White "Pohle, Saskia"]
[Black "Valdman, Jakub"]
[Result "1-0"]
[WhiteElo "1707"]
[BlackElo "1443"]
[PlyCount "53"]
[EventDate "2020.08.14"]
[EventType "swiss"]
[EventRounds "9"]
[EventCountry "CZE"]
[SourceTitle "EXT 2021"]
[Source "ChessBase"]
[SourceDate "2020.10.23"]
[SourceVersion "1"]
[SourceVersionDate "2020.10.23"]
[SourceQuality "1"]

1. e4 e5 2. Nf3 Nc6 3. d4 exd4 4. Bc4 Be7 5. 0-0 d6 6. Nxd4 Nf6 7. Nc3 0-0 8. a3 Nxe4 9. Nxe4 d5 10. Nxc6 bxc6 11. Bd3 dxe4 12. Bxe4 Bb7 13. Qf3 Qd6 14. Bf4 Qd7 15. Rad1 Bd6 16. c4 f5 17. Bc2 Qe7 18. Rfe1 Qf6 19. Bxd6 cxd6 20. b4 Qf7 21. Rxd6 Kh8 22. Qd3 Rae8 23. Rd1 Re7 24. Qxf5 Qg8 25. Qd3 Ref7 26. f3 Rf4 27. c5 1-0

[Event "EU Union-ch U14"]
[Site "Kouty nad Desnou"]
[Date "2020.08.16"]
[Round "3"]
[White "Valdman, Jakub"]
[Black "Werner, Rosalie"]
[Result "1/2-1/2"]
[WhiteElo "1443"]
[BlackElo "1791"]
[PlyCount "83"]
[EventDate "2020.08.14"]
[EventType "swiss"]
[EventRounds "9"]
[EventCountry "CZE"]
[SourceTitle "EXT 2021"]
[Source "ChessBase"]
[SourceDate "2020.10.23"]
[SourceVersion "1"]
[SourceVersionDate "2020.10.23"]
[SourceQuality "1"]

1. e4 e6 2. d4 d5 3. e5 c5 4. c3 Nc6 5. Nf3 Qb6 6. Be2 Bd7 7. 0-0 cxd4 8. cxd4 Nge7 9. Nc3 Nf5 10. Na4 Qc7 11. Bg5 Qa5 12. Nc3 a6 13. a3 Na7 14. Qb3 Bb5 15. Nxb5 axb5 16. Bd2 Qa4 17. Qd3 Qc4 18. Rac1 Qxd3 19. Bxd3 Kd7 20. Bxf5 exf5 21. Ng5 h6 22. Nxf7 Rg8 23. Rfe1 Nc6 24. e6+ Ke7 25. Bb4+ Nxb4 26. axb4 Kf6 27. Rc7 Bxb4 28. Rd1 Kxe6 29. Rxb7 Rgb8 30. Rxb8 Rxb8 31. Ne5 Rc8 32. Kf1 Rc2 33. Rb1 Bd2 34. Nf3 Rc1+ 35. Rxc1 Bxc1 36. b3 Bb2 37. h3 f4 38. Ke2 Kf5 39. Kd3 b4 40. Ne5 g5 41. f3 Bc3 42. Nc6 1/2-1/2

[Event "EU Union-ch U14"]
[Site "Kouty nad Desnou"]
[Date "2020.08.15"]
[Round "2"]
[White "Buchholz, Maja Patricia"]
[Black "Valdman, Jakub"]
[Result "1/2-1/2"]
[WhiteElo "1724"]
[BlackElo "1443"]
[PlyCount "136"]
[EventDate "2020.08.14"]
[EventType "swiss"]
[EventRounds "9"]
[EventCountry "CZE"]
[SourceTitle "EXT 2021"]
[Source "ChessBase"]
[SourceDate "2020.10.23"]
[SourceVersion "1"]
[SourceVersionDate "2020.10.23"]
[SourceQuality "1"]

1. c4 e5 2. g3 Nf6 3. Bg2 Nc6 4. Nc3 Bc5 5. e3 d6 6. Nge2 0-0 7. 0-0 Be6 8. d4 exd4 9. exd4 Nxd4 10. Nxd4 Bxc4 11. Re1 c6 12. b3 Ba6 13. Qd2 Re8 14. Bb2 Qa5 15. a3 Bb6 16. Bf3 c5 17. Nc2 c4 18. bxc4 Qf5 19. Kg2 Bxc4 20. Ne3 Bxe3 21. Rxe3 Red8 22. Bxb7 Rab8 23. Bf3 d5 24. Ne2 Bxe2 25. Rxe2 Ne4 26. Qd4 f6 27. Qxa7 Ng5 28. Qe3 Re8 29. Qc3 Rxe2 30. Bxe2 Qe4+ 31. Bf3 Nxf3 32. Qxf3 Rxb2 33. Qxe4 dxe4 34. Kg1 Rb5 35. Kf1 Kf7 36. Ke2 Ke6 37. a4 Ra5 38. Kd2 Kd5 39. Kc3 Kc5 40. h4 h5 41. Kb3 g6 42. Re1 f5 43. Rc1+ Kb6 44. Kb4 Ra6 45. Rc8 Kb7 46. Rc5 Re6 47. Rb5+ Ka7 48. Rc5 Kb7 49. a5 e3 50. fxe3 Rxe3 51. Rc3 Re6 52. Rb3 Ka6 53. Ka4 Rd6 54. Rb4 Re6 55. Rd4 Rc6 56. Kb4 Re6 57. Rd7 Re4+ 58. Kc5 Rg4 59. Rd3 f4 60. gxf4 Rxf4 61. Rd4 Rf5+ 62. Kb4 Rb5+ 63. Kc4 Rxa5 64. Rd6+ Kb7 65. Kb4 Rf5 66. Rxg6 Rf4+ 67. Kc5 Rxh4 68. Rh6 Rh1 1/2-1/2

[Event "Klatovy op-B 24th"]
[Site "Klatovy"]
[Date "2018.07.06"]
[Round "7"]
[White "Vasko, Pavel"]
[Black "Valdman, Jakub"]
[Result "1-0"]
[WhiteElo "1610"]
[BlackElo "1066"]
[PlyCount "99"]
[EventDate "2018.06.30"]
[EventType "swiss"]
[EventRounds "9"]
[EventCountry "CZE"]
[SourceTitle "EXT 2019"]
[Source "ChessBase"]
[SourceDate "2018.10.10"]
[SourceVersion "1"]
[SourceVersionDate "2018.10.10"]
[SourceQuality "1"]

1. e4 e5 2. Nf3 Nc6 3. Bc4 Nf6 4. Nc3 Bc5 5. 0-0 d6 6. h3 h6 7. d3 Qe7 8. a3 g5 9. Be3 Nd4 10. Bxd4 exd4 11. Ne2 g4 12. hxg4 Bxg4 13. Nh2 0-0-0 14. Nxg4 Nxg4 15. Nxd4 h5 16. Nf5 Qg5 17. d4 Bb6 18. c3 h4 19. Be2 Nf6 20. Bf3 Rde8 21. Qd3 h3 22. g3 Kb8 23. Kh2 Ng4+ 24. Bxg4 Qxg4 25. f3 Qg6 26. b4 Rh5 27. a4 a5 28. b5 Rhh8 29. Rab1 Qf6 30. f4 Rd8 31. Ne3 Rhg8 32. Nd5 Qe6 33. f5 Qh6 34. Rb2 Qg5 35. Qe3 Qg7 36. f6 Qh7 37. Rf4 Rge8 38. Rh4 Qg6 39. Ne7 Qxf6 40. Nd5 Qg6 41. Rf2 Rh8 42. Rhf4 Rhf8 43. Rf6 Qh7 44. R2f5 Rde8 45. Qf4 Ka7 46. Ne3 d5 47. e5 Qg7 48. Nxd5 Rg8 49. Rxf7 Qh8 50. Nf6 1-0

[Event "Klatovy op-B 24th"]
[Site "Klatovy"]
[Date "2018.07.04"]
[Round "5"]
[White "Stross, Frantisek1"]
[Black "Valdman, Jakub"]
[Result "1/2-1/2"]
[WhiteElo "1506"]
[BlackElo "1066"]
[PlyCount "86"]
[EventDate "2018.06.30"]
[EventType "swiss"]
[EventRounds "9"]
[EventCountry "CZE"]
[SourceTitle "CBM 185 Extra"]
[Source "ChessBase"]
[SourceDate "2018.07.29"]
[SourceVersion "1"]
[SourceVersionDate "2018.07.29"]
[SourceQuality "1"]

1. e4 e5 2. Nf3 Nc6 3. Bc4 d6 4. d3 Bg4 5. Bxf7+ Kxf7 6. Ng5+ Ke8 7. Qxg4 Nf6 8. Qh3 Nd4 9. Na3 d5 10. c3 Bxa3 11. cxd4 Bb4+ 12. Ke2 dxe4 13. Qe6+ Qe7 14. Qxe7+ Kxe7 15. dxe5 exd3+ 16. Kxd3 Ng4 17. Kc4 Ba5 18. f4 h6 19. Ne4 Bb6 20. b3 Rad8 21. Ba3+ Kf7 22. Bc5 Ne3+ 23. Kc3 Nxg2 24. Bxb6 axb6 25. f5 Nf4 26. e6+ Ke7 27. Rad1 Nd5+ 28. Kb2 c6 29. Rhg1 Rhg8 30. h4 Rde8 31. Rg3 g6 32. Rdg1 Nf6 33. Nc3 gxf5 34. Rxg8 Rxg8 35. Re1 Rg4 36. Na4 Re4 37. Rh1 Nd5 38. h5 Kxe6 39. Rg1 Rg4 40. Re1+ Kf7 41. Re5 f4 42. Kc1 Rg3 43. Nb2 Rg1+ 1/2-1/2

[Event "Klatovy op-B 23rd"]
[Site "Klatovy"]
[Date "2017.07.04"]
[Round "4"]
[White "Bukvaj, Jan"]
[Black "Valdman, Jakub"]
[Result "0-1"]
[WhiteElo "1100"]
[BlackElo "1070"]
[PlyCount "34"]
[EventDate "2017.07.01"]
[EventType "swiss"]
[EventRounds "9"]
[EventCountry "CZE"]
[SourceTitle "EXT 2018"]
[Source "ChessBase"]
[SourceDate "2017.10.13"]
[SourceVersion "1"]
[SourceVersionDate "2017.10.13"]
[SourceQuality "1"]

1. e4 e5 2. Nf3 Nc6 3. Bc4 h6 4. Nc3 Nf6 5. Nd5 Bc5 6. Nxf6+ Qxf6 7. 0-0 d6 8. d3 Bg4 9. Qe2 Nd4 10. Qd1 Nxf3+ 11. Kh1 0-0 12. gxf3 Bxf3+ 13. Qxf3 Qxf3+ 14. Kg1 h5 15. Be3 h4 16. Bxc5 h3 17. Rfe1 Qg2# 0-1